| 000 | 01091nam a22002417a 4500 | ||
|---|---|---|---|
| 005 | 20080915150959.0 | ||
| 008 | 080915t xxu||||| |||| 00| 0 hin d | ||
| 010 | _aHIN-91444 | ||
| 020 |
_c300.00 _a9788128827631 |
||
| 035 | _aHN-63790 | ||
| 037 | _bDBAD / PUB | ||
| 040 |
_aDPL _bHN |
||
| 100 |
_aशशिकांत सदैव _925136 |
||
| 245 |
_aस्वयं को और दूसरों को पहचानने की कला / _cशशिकांत सदैव |
||
| 246 |
_aSwam ko aur dusron ko pahchanne ki kala _bby Shashi Kant |
||
| 260 |
_aनई दिल्ली _bवन्दना पब्लिकेशन _c2010 |
||
| 270 |
_a1-120, कीर्ति नगर _bनई दिल्ली _e110051 |
||
| 300 |
_a205पृ _c22 सेमी(सजिल्द) |
||
| 650 | _91169 | ||
| 700 | _925138 | ||
| 942 |
_adpl _cHN _2ddc _m158.1शशिकां |
||
| 999 |
_c49674 _d49674 |
||